00758nam a2200205Ia 4500008004100000020001800041041000800059082001300067100001500080245004700095260004100142300000900183440000600192500008500198650002300283700004600306906000700352999001700359952017600376230125s9999 xx 000 0 und d a9789381626450 aeng a823bCAN aCanfield J aChicken Soup For The Indian Soul: At Work. c2011bWestland PublicationsaChennai a382p v1 aChicken Soup for the Soul Series Book;English Literature;Literature;Series Book; aEnglish Literature aCanfield J; Hansen M & Farmania J9117325 b29 c95090d95090 00104070aHIMRbHIMRd2018-03-02ePritam Book Centreg295.00i10525l1m1o823 CAN B15870pHIMR-BK-15870r2024-01-23 00:00:00s2024-01-12v266.00w2018-01-19yBKzB15870